000 00221 a2200097 4500
000 nam a22 7a 4500
005 20260130111426.0
100 _aRamakrishnan, Venki
_91112899
245 _aGene Machine
942 _cTEXL
999 _c1678406
_d1678406